| 000 | 00489nam a2200181Ia 4500 | ||
|---|---|---|---|
| 001 | 2466 | ||
| 005 | 20260306144809.0 | ||
| 008 | 260306t2011||||xx |||||||||||||| ||spa|| | ||
| 041 | _aESP | ||
| 082 |
_a616.8900835 _bG14 |
||
| 100 |
_aGalanter, Cathryn A. _eAUT |
||
| 245 | 0 |
_aDSM-IV-TR, salud mental en niños y adolescentes: _bestudio de casos y guía terapéutica |
|
| 260 | _c2011 | ||
| 300 |
_a551 páginas : _c24 cm. |
||
| 650 | _aGEN | ||
| 654 | _aCPS | ||
| 942 |
_cLIB _dJUS _fJUS _2ddc _n |
||
| 999 |
_c2466 _d2466 |
||